000 01842nam a22005534i 4500
003 PE-LiUPU
005 20250731180059.0
008 131018s2013 ck a g 000 0 spa d
020 _a9588692954
020 _a9789588692951
035 _a(Sirsi) i9789588692951
040 _aCKCOL
_bspa
_erda
_cCKCOL
_dPE-LiUPU
_erda
049 _aPRUA
082 0 4 _a512.13
_bM39
_223
100 1 _aMejía Duque, Francisco G,,
_eautor.
245 1 0 _aCurvas convencionales /
_cFrancisco G. Duque Mejía.
264 _aMedellín :
_bUniversidad de Medellín,
_c2013.
300 _a62 páginas :
_bilustraciones ;
_c23 centímetros.
336 _atext
_2rdacontent
337 _aunmediated
_2rdamedia
338 _avolume
_2rdacarrier
504 _aBibliografía : página [63]
505 0 _aTipos de funciones -- Funciones algebraicas -- Funciones transcedentes -- Trazo de gráficas.
526 _aSEG44
526 _aSEG26
526 _aP159
526 _aP155
526 _aP154
526 _aP153
526 _aP150
526 _aP100
526 _aP31
526 _aP30
526 _aP26
526 _aP25
526 _aP24
526 _aP22
526 _aP15
526 _aP10
650 1 7 _aAlgebra.
_2lemb
_920
650 1 7 _aFunciones Algebraicas.
_2lemb
650 1 7 _aGráficas.
_2lemb
910 _ajck
_bncf
_cncf
_d20160802
942 _2ddc
_cBOOK
949 _a512.13 M39
_wDEWEY
_c1
_i72479
_d2016-10-31
_e2016-10-25
_lCCODEBUL1
_mBUL
_n2
_p40.29
_r0
_sY
_tBOOK
_u2016-8-2
_xINGENIERIA
_PP04
_0COMPRA
_o.STAFF. Colección General
596 _a1
999 _a512.13 M39
_wDEWEY
_c11688
_i72479
_d11688
_e2016-10-25
_f2021-11-10
_g7
_lCCODEBUL1
_mBUL
_n2
_p40.29
_r0
_sY
_tBOOK
_u2016-8-2
_xINGENIERIA
_PP04
_0COMPRA
_o.STAFF. Colección General
980 _81
_gALBERTO SANCHEZ Responsable de Automatización